| 000 | 00348nam a2200133Ia 4500 | ||
|---|---|---|---|
| 008 | 240624s9999 xx 000 0 und d | ||
| 041 | _aeng | ||
| 082 | _a005.8 DAV | ||
| 100 | _aDAVIS CHRIS | ||
| 245 | _aHACKING EXPOSED COMPUTER FORENSICS SECRE | ||
| 260 |
_c2005 _aNew Delhi _bTata McGrawhill |
||
| 300 | _axxx, : 456 : p. : cm. ; 23 | ||
| 365 | _cRS | ||
| 999 |
_c3224 _d3224 |
||